|
|
|
|
| LEADER |
00000nkm a2200000 a 4500 |
| 001 |
vtls011561918 |
| 003 |
SK-MaSNL |
| 005 |
20260512123518.0 |
| 007 |
kp bo |
| 008 |
231214q1929 xo g kucze |
| 015 |
|
|
|a SNBG
|
| 035 |
|
|
|a urn:nbn:sk:snk-km00brdh
|
| 035 |
|
|
|a urn:nbn:sk:snk-km3lohd
|
| 035 |
|
|
|a 83B736CE-693F-40ED-B1CB-A179D94C28EB
|
| 040 |
|
|
|a SNK
|b slo
|c SNK
|e AACR2
|
| 041 |
0 |
|
|a cze
|
| 043 |
|
|
|a e-xo---
|
| 044 |
|
|
|a xo
|c SK
|
| 080 |
|
|
|a 908(437.6)
|2 2011
|
| 080 |
|
|
|a (234.374.4)
|2 2011
|
| 080 |
|
|
|a (084.121)
|2 2011
|
| 100 |
1 |
|
|a Fiška, Václav, 1899-1976
|4 pht
|9 52507
|
| 245 |
1 |
0 |
|a Vysoké Tatry
|h grafika
|b Simbolický hřbitov pod Ostervou zřízený péčí KČST na pamĕt obĕtem hor : čistý výnos vĕnován fondu pro udržovaní hřbitova
|c foto V. Fiška
|
| 260 |
|
|
|a Popradské Pleso
|b V. Fiška
|b O. Štáfl
|c [medzi 1929 a 1947]
|
| 300 |
|
|
|a 1 pohľadnica
|b čiernobiela
|c 14 x 9 cm
|
| 610 |
2 |
7 |
|a Symbolický cintorín (Vysoké Tatry, Slovensko)
|2 SNKKA
|9 55042
|
| 651 |
|
7 |
|a Vysoké Tatry (Poľsko a Slovensko : pohorie)
|2 SNKPHgeo
|9 67729
|
| 655 |
|
7 |
|a miestne pohľadnice
|2 SNKPH
|9 70510
|
| 852 |
|
|
|a Slovenská národná knižnica
|
| 958 |
|
|
|a GC
|
| 958 |
|
|
|a OND
|
| 958 |
|
|
|a GBN
|
| 999 |
|
|
|c 765787
|d 767717
|
| 952 |
|
|
|a SNK
|b SNK
|y PREZ
|7 0
|p 17A1184891
|o snkSP 15006
|0 0
|1 0
|4 0
|d 2016-06-21
|f 1
|l 0
|r 2026-02-24 00:18:31
|w 2026-02-24
|